000
00345nam a2200157Ia 4500
100
_a
Nostradamus
650
_a
General
942
_c
BK
366
_f
17.5
245
_a
The complete prophecies for the future.
260
_b
Watkins Publisher
_a
London
_c
2007
082
_a
133.3/NOS
_b
NOS
300
_a
340
546
_a
ENGLISH
999
_c
25216
_d
25216